| 000 | 00342nam a2200133Ia 4500 | ||
|---|---|---|---|
| 008 | 240624s9999 xx 000 0 und d | ||
| 041 | _aeng | ||
| 082 | _a658.3 SAU | ||
| 100 | _aSAUNDERS JANE | ||
| 245 | _aSERVICE LED DESIGN PLANNING THE NEW HR F | ||
| 260 |
_c2019 _aNew Delhi _bRoutledge |
||
| 300 | _aix, 80 p.; 23 cm. | ||
| 365 |
_cRS _b31 |
||
| 999 |
_c32072 _d32072 |
||